000 00734nam a22002297a 4500
005 20250324115155.0
010 _aENG-144165
020 _c300.00
035 _aEN-127697
037 _bDBAD
082 _a503
_21
100 _aDr. Anil Gandhi
_979844
245 _aHigh-Tech Lifeline
246 _aTransforming Lives Through Transplants
250 _aIst
260 _aG.D. Ambedkar Marg, Wadala, Mumbai
_bSoniya Khare Inking Innovations
_c20 March 2014
270 _aGround Floor, India Printing House 42,G.D Ambedkar Marg
_bMumbai
_e400 031
_k(022) 2418 6233
_mipw@vsnl.net
300 _a296,p
_c21.4 cm(Pb)
700 _976691
_aDr. Anil Gandhi
_eEditor
760 _b1
942 _2ddc
_cEN
_h503
_mGAN
999 _c210444
_d210444